000
00302nam a22001337a 4500
008
170831b xxu||||| |||| 00| 0 eng d
020
_a
9780767416818
041
_a
eng
080
_2
3 ED
_a
070
100
_a
40
101
_a
MED
245
_a
ARGUING IN COMMUNICATIES
_c
HATCH.G.L
942
_2
udc
_c
BK
999
_c
25819
_d
25819